000 00899cad a22002295a 4500
001 L145811
008 081111s2008 xxkad f s 000 0 eng d
035 _a(Sirsi) u145811
041 0 _aeng
050 0 4 _a333.33 $2 18
110 2 _aJones Lang LaSalle
_93755
245 0 0 _aKey rental market indicators
_bthird quarter 2008
_h[electronic resource]
260 _a[S.l.]
_bJLL
_c2008
490 0 _aJones Lang LaSalle Key Rental Market Indicators
_vQuarter Three 2008
520 _aKey office, warehousing and retail sector data from selected European cities from Antwerp to Warsaw.
590 _aKA
650 2 4 _aJONES LANG LASALLE KEY RENTAL MARKET INDICATORS
651 4 _aEurope
690 _aPROPERTY-COMMERCIAL PROPERTY-COMMERCIAL PROPERTY MARKET
856 4 0 _uhttps://www.joneslanglasalle.com/
_zView this report free of charge under research at www.joneslanglasalle.com..
942 _n0
999 _c108927
_d108927